<?xml version="1.0" encoding="UTF-8"?>
<collection xmlns:xsi="http://www.w3.org/2001/XMLSchema-instance" xsi:schemaLocation="http://www.loc.gov/MARC21/slim http://www.loc.gov/standards/marcxml/schema/MARC21slim.xsd" xmlns="http://www.loc.gov/MARC21/slim">
 <record>
  <leader>00000cam a22000003i 4500</leader>
  <controlfield tag="001">UP-1685594773861938297</controlfield>
  <controlfield tag="003">Buklod</controlfield>
  <controlfield tag="005">20250227112100.0</controlfield>
  <controlfield tag="006">g||| |     ||   ||</controlfield>
  <controlfield tag="007">ta</controlfield>
  <controlfield tag="008">191015s2013    xx a    r    |000 0|eng d</controlfield>
  <datafield tag="020" ind1=" " ind2=" ">
   <subfield code="a">9789715427111</subfield>
  </datafield>
  <datafield tag="035" ind1=" " ind2=" ">
   <subfield code="a">(iLib)UPBAG-00011491482</subfield>
  </datafield>
  <datafield tag="037" ind1=" " ind2=" ">
   <subfield code="a">BC-63726</subfield>
   <subfield code="c">Php3,500.00</subfield>
  </datafield>
  <datafield tag="040" ind1=" " ind2=" ">
   <subfield code="a">DML</subfield>
   <subfield code="d">BAG</subfield>
   <subfield code="e">rda</subfield>
  </datafield>
  <datafield tag="041" ind1="0" ind2=" ">
   <subfield code="a">fil</subfield>
  </datafield>
  <datafield tag="090" ind1=" " ind2="0">
   <subfield code="a">PN 1995</subfield>
   <subfield code="b">M36 2013</subfield>
  </datafield>
  <datafield tag="110" ind1="2" ind2=" ">
   <subfield code="a">Manunuri ng Pelikulang Pilipino</subfield>
   <subfield code="e">author.</subfield>
  </datafield>
  <datafield tag="245" ind1="1" ind2="4">
   <subfield code="a">The Urian anthology, 2000-2009</subfield>
   <subfield code="b">the rise of the Philippine new wave indie film : film articles, reviews, and interviews of the Manunuri Ng Pelikulang Pilipino on the Filipino Cinema, 2000-2009</subfield>
   <subfield code="c">by the Manunuri ng Pelikulang Pilipino ; edited, compiled, and with an introduction by Nicanor G. Tiongson.</subfield>
  </datafield>
  <datafield tag="264" ind1=" " ind2="1">
   <subfield code="a">Quezon City</subfield>
   <subfield code="b">University of the Philippines Press</subfield>
   <subfield code="c">2013.</subfield>
  </datafield>
  <datafield tag="300" ind1=" " ind2=" ">
   <subfield code="a">xix, 672 pages</subfield>
   <subfield code="b">illustrations</subfield>
   <subfield code="c">32 cm</subfield>
  </datafield>
  <datafield tag="336" ind1=" " ind2=" ">
   <subfield code="a">text</subfield>
   <subfield code="2">rdacontent</subfield>
  </datafield>
  <datafield tag="337" ind1=" " ind2=" ">
   <subfield code="a">unmediated</subfield>
   <subfield code="2">rdamedia</subfield>
  </datafield>
  <datafield tag="338" ind1=" " ind2=" ">
   <subfield code="a">volume</subfield>
   <subfield code="2">rdacarrier</subfield>
  </datafield>
  <datafield tag="500" ind1=" " ind2=" ">
   <subfield code="a">Published with the support of the Film Development Council of the Philippines.</subfield>
  </datafield>
  <datafield tag="505" ind1="0" ind2=" ">
   <subfield code="a">Foreword -- Preface -- Part 1. INTRODUCTION -- The rise of the Philippine new wave Indie film: 1999-2009 -- Part 2. FILM ARTICLES -- Philippine movies in 2001: the film industry is dead! long live Philippine cinema -- Post-Brocka Philippine cinema: the fifth-generation Pinoy filmmakers -- Cinemalaya breaks out of the mold -- Leksiyon mula sa political film collectives sa Indie cinema -- Icons, genres, values -- Witnessing a dream come true: the Philippine National Film Archive -- Part 3. REVIEWS OF GENRE MOVIES -- Naglalayag: Nora gives another memorable performance -- Dubai: the OFW experience -- Moments of love: moments that glow -- Biyaheng langit: a hellish trip -- Red diaries: the twists and turns of red diaries -- Gamitan: eye-popping revelations from newcomers -- www.XXX.com: cybersex in the movies -- Recommended: M.O.N.A.Y. ni Mr. Shooli -- Katas ng Saudi: a story of sacrifice sans the depression -- Sakal, sakali, saklolo: the three S's of marriage -- Ded na si lolo: death minus the morbid thoughts -- All my life: still worth watching -- My best friend's girlfriend: something to spice up the season of hearts -- My big love: big on effort -- A very special love: not your usual feel-good movie -- Mag-ingat ka sa ... kulam: Judy Ann new horror queen -- Shake, rattle &amp; roll X: still shaking and rattling audiences -- Sigaw and Spirit of the glass: the failure and success of fear -- Mulawin: soaring on the wings of Mulawin -- Alab ng lahi: rebel with a cause -- Batas militar: an action film with a relevant message -- Baler: beyond de-lovely -- Part 4. REVIEWS OF NEW CINEMA AND INDIE FILMS -- Death row: romancing the penal system -- Laro sa baga: the aegis of Pinoy machismo -- Tanging yaman: a treasure of a film -- Tuhog: a choreography of juxtapositions -- Anino: Anino revalidates the short film -- Batang west side: crime, love, guilt, diaspora - a cinematic mural -- Hubog: in excellent shape --  La vida Rosa: Rosanna shines -- Live show: estetikong borloloy -- Minsan may isang puso: heartfelt, heartrending -- Dekada '70: Dekada '70 makes the creative leap of faith -- Laman: Laman and sexual transactionalism -- Mano po: respecting differences -- Mga munting tinig: Gil Portes scores with anthem to education -- Babae sa breakwater -- Bridal shower: tango of the sexes in Bridal shower -- Crying ladies: criers for hire -- Magnifico: tearjerker made timeless by its beauty, the central hero's magnificence -- Ebolusyon ng isang pamilyang Pilipino: the digital revolution comes full circle -- Milan: part of Filipino diaspora examined -- Panaghoy sa suba: when a film recovers a tale -- Sabel: Sabel debunks institutions -- Ala verde, ala pobre: complex but good story telling -- Big time: taking risks for the big time -- Blue moon: on the road with romantic men -- ANg daan patungong kalimugtong: children of the pine-covered loam -- La visa loca: nang si Robin ay magpapako sa krus -- Ang pagdadalaga ni Maximo Oliveros: growing up gay, grim, and determined -- Huling balyan ng buhi: pagkatangi ng huling balyan at ilang isyu mula rito -- Kaleldo: summer heat -- Kasal, kasali, kasalo: marrying a family -- Kubrador: betting on luck and light and shadow -- Rome and Juliet: no stereotyping of women who love women -- Todo todo teros: examining the pain behind geopolitical romance -- Confessional: interpreting truths through conversations -- Death in the land of encantos (kagadanan sa banwaan ning mga engkanto): sabayang panahon, produksiyon ng alaala at proaktibong cinema -- Endo: dead-end fate -- Foster child: Cherry Pie simply brilliant -- Tirador: city of God, city of man -- Tribu: blood-lusty ballad in inner city -- Boses: music is the message -- Hunghong sa yuta: a Mindanao film for the nation -- Imburnal: etnograpiya ng sityo ng karahasan at kahirapan -- Jay: the said and the unsaid; the whispered and talked about -- Melancholia: Melancholia sa Melancholia -- Serbis: cinema purgatorio -- Yanggaw: the affliction in us all -- The arrival: unvarnished and understated -- Baseco bakal boys: decay by the sea -- Colorum: a moving fable -- Engkwentro: salvaging the arts and facts of violence -- Himpapawid: rebel without Marx; a desperado's flight to perdition -- Hospital boat: revisiting the war in Mindanao -- Kinatay: tungo sa nasisindak na pagkaaba -- Lola: an ode to women and to life -- Ang panggagahasa kay Fe: a rapture of faith -- Part 5: INTERVIEWS AND FEATURE ARTICLES -- Raymond red: the first palme d'Or for the Philippines -- Lav Diaz: radical, original, committed -- Jeffrey Jeturian: indie in the mainstream -- Brillante Mendoza: cinema for social transformation -- Mes de Guzman: voice of a regional cinema -- Adolfo Alix Jr.: prolix and prolific -- Chris Martinez: from theater to film with gusto -- Cherry Pie Picache: living/acting in juxtaposed spaces -- Gina Pareno: defined and redefined -- Rody Lacap: the cinematographer as artist -- Part 6. The GAWAD URIAN AND THE MANUNURI NG PELIKULANG PILIPINO -- The Manahan sisters: living legends in movie makeup -- Fernando Poe Jr.: &quot;Da King&quot; wears many hats -- Ricardo Lee: a writer in the film industry -- Gloria Romero: indestructible movie queen for five decades now -- Jesus Macaraeg Navarro: outstanding film editor -- Eddie Garcia: actor, director, icon, Philippine cinema's one-man totem pole -- Marichu Vera-Perez Maceda: to the film studio born -- Kidlat Tahimik: tagahawan ng landas ng Philippine Independent Cinema -- Peque Gallaga: the compleat cinema artist in twilight -- Armida Siguion-Reyna: film actor, producer, industry leader -- Manunuri ng Pelikulang Pilipino writers and contributors -- Part 7. FILMOGRAPHY AND OTHERS -- Filmography, 2000-2009 -- Index -- Photo acknowledgments.</subfield>
  </datafield>
  <datafield tag="650" ind1=" " ind2="0">
   <subfield code="a">Motion pictures</subfield>
   <subfield code="z">Philippines</subfield>
   <subfield code="v">Reviews.</subfield>
  </datafield>
  <datafield tag="650" ind1=" " ind2="0">
   <subfield code="a">Motion pictures</subfield>
   <subfield code="z">Philippines</subfield>
   <subfield code="x">History</subfield>
   <subfield code="y">20th century.</subfield>
  </datafield>
  <datafield tag="650" ind1=" " ind2="0">
   <subfield code="a">Motion pictures</subfield>
   <subfield code="z">Philippines</subfield>
   <subfield code="x">Awards.</subfield>
  </datafield>
  <datafield tag="650" ind1=" " ind2="0">
   <subfield code="a">Motion picture industry</subfield>
   <subfield code="z">Philippines.</subfield>
  </datafield>
  <datafield tag="650" ind1=" " ind2="0">
   <subfield code="a">Motion picture producers and directors</subfield>
   <subfield code="z">Philippines</subfield>
   <subfield code="v">Interviews.</subfield>
  </datafield>
  <datafield tag="700" ind1="1" ind2=" ">
   <subfield code="a">Tiongson, Nicanor G.</subfield>
   <subfield code="d">1946-</subfield>
   <subfield code="e">editor, compiler.</subfield>
  </datafield>
  <datafield tag="905" ind1=" " ind2=" ">
   <subfield code="a">FI</subfield>
  </datafield>
  <datafield tag="852" ind1="0" ind2=" ">
   <subfield code="a">UPBAG</subfield>
   <subfield code="b">UPBAG-MAIN</subfield>
   <subfield code="h">PN 1995 M36 2013</subfield>
  </datafield>
  <datafield tag="942" ind1=" " ind2=" ">
   <subfield code="a">Book</subfield>
  </datafield>
 </record>
</collection>
